000 01146nam a22003857a 4500
001 0005637
003 KOHA_MİRAKIL
005 20260207001452.0
007 ta
008 090528b1999 tu |||gr||||#||||0|tur |
020 _a9753162286
040 _aTR-BiSEU
_btur
_cTR-BiSEU
_erda
041 0 _atur
044 _ctu
050 _aJC331
_b.T87 1999
100 1 _aTürkdoğan, Orhan.
245 1 _aMilli kimliğin yükselişi :
_bniçin milletleşme?/
_cOrhan Türkdoğan ; Orhan Türkdoğan.
250 _a2. bs.
264 1 _aİstanbul :
_bAlfa Yayınları
_c1999
300 _aXVI, 349 sayfa
336 _ametin
_btxt
_2rdacontent
337 _aaracısız
_bn
_2rdamedia
338 _acilt
_bnc
_2rdacarrier
490 1 _aAlfa yayın no.
490 1 _a574.
490 1 _aSosyoloji dizisi ;
_v028.
500 _aİlk basımda (1995) adı: Niçin milletleşme?
500 _aKaynakça ve dizin var.
650 0 _aMilliyetçilik.
_99491
650 0 _aEtnik ilişkiler--Siyasal yönler.
_913619
830 1 _aAlfa yayın no.
_96574
830 1 _a574.
_913620
830 1 _aSosyoloji dizisi ;
_v028.
_97502
942 _2lcc
_cBK
999 _c5618
_d5618